Cesty zvyšování efektivnosti vnitřního obchodu
Na minha lista:
| Autor principal: | |
|---|---|
| Formato: | Livro |
| Idioma: | tcheco |
| Publicado em: |
Praha
Výzkumný ústav obchodu
1985
|
| Colecção: | Knižnice VÚO
196 |
| Tags: |
Sem tags, seja o primeiro a adicionar uma tag!
|
MARC
| LEADER | 00000nam a2200000 4500 | ||
|---|---|---|---|
| 001 | c104752 | ||
| 005 | 20251110132002.0 | ||
| 041 | 0 | |a cze | |
| 044 | |a CZ | ||
| 245 | 1 | 0 | |a Cesty zvyšování efektivnosti vnitřního obchodu |c Marie Šimková |
| 264 | 1 | |a Praha |b Výzkumný ústav obchodu |c 1985 | |
| 300 | |a 43 s. | ||
| 490 | 1 | |a Knižnice VÚO |v 196 | |
| 830 | 0 | |a Knižnice VÚO |v 196 | |
| 100 | 1 | |a Šimková, Marie | |